000 01264nam0a22002651 4500
001 rc\793545
005 20260407100423.0
035 _a(NLR Aleph) 006318563
090 _a7427483
_c7427483
100 _a20040301d1984 |||y0rusy50 ca
101 0 _arus
102 _aRU
105 _aa |||||||||
200 1 _aЕдиный метод краткосрочного прогноза сроков вскрытия рек
_eМетод. указания
_eПроект
_fЛ.М. Марголин, Т.П. Силантьева, И.Я. Лисер и др.
_gПод ред. к. г. н. Н.Д. Ефремовой
_gГос. ком. СССР по гидрометеорологии и контролю природ. среды, Гидрометеорол. н.-и. центр СССР
210 _aМ.
_cГидрометцентр СССР
_d1984
215 _a24 с.
_cил.
_d25
320 _aБиблиогр.: с. 23
701 1 _aМарголин
_bЛ.М.
702 1 _aЕфремова
_bН.Д.
_4340
712 0 2 _aГидрометеорологический научно-исследовательский центр СССР
_3RU\NLR\AUTH\889926792
_9349285
801 0 _aRU
_bNLR
_gpsbo
801 1 _aRU
_bELAR
_2rusmarc
852 _aNLR
_j87-7/531
942 _cBOOK
980 _aNB